000 00884cam a2200229 a 4500
999 _c38500
_d38500
001 16777514
005 20221114123217.0
008 110513s2011 enkb b s101 0 eng
020 _a9781607811503x
041 _aeng
080 _a94(470+560) W-26
245 0 0 _aWar and diplomacy :
_bthe Russo-Turkish War of 1877-1878 and the Treaty of Berlin /
_cedited by M. Hakan Yavuz with Peter Sluglett.
264 _aSalt Lake City :
_bUniversity of Utah Press,
_cc2011.
300 _a610 p. :
_bmaps ;
_c24 cm.
653 _aრუსულ-თურქული ომი
653 _aბერლინის ხელშეკრულება
653 _aდიპლომატია
653 _aისტორია
700 1 _aYavuz, M. Hakan.
_94896
_eრედაქტორი
700 1 _aSluglett, Peter.
_94897
_eრედაქტორი
942 _2udc
_cBK